000 00560nam a2200169Ia 4500
008 090711s9999 xx 000 0 und d
082 _b70185
100 _aबेलसरे केशव वि.
245 _aसाधकांसाठी संतकथा
260 _c1992
300 _a176
600 _aबेलसरे केशव वि.
630 _aसाधकांसाठी संतकथा
700 _aबेलसरे केशव वि.
730 _aसाधकांसाठी संतकथा
942 _cBOOK
999 _c283759
_d283759